000 00349 a2200109 4500
020 _a5256000314
920 _a5-256-00031-4
100 1 _aKuricyn, S.A..
_eAutor
245 0 _aMetody adaptivnoj obrabotki signalov peredaci dannych /
_cKuricyn S.A..
710 2 _aRadio i Svjaz'.
_eWydawca
_4pbl
260 _aMoskva :
_bRadio i Svjaz',
_c1988.
300 _a144 s.:
_bil.;
_c22 cm.
999 _c9189
_d9189